000 00669nam a22001937a 4500
005 20251108165436.0
008 250721s1933 xx 000 0 ara d
082 1 4 _aم/016.956/ا
100 1 _aفريحه، انيس
_eمؤلف
245 1 0 _aمراجع ما نشر بعد الحرب العظمى بلدان اللإنتداب في الشرق الإدني 1919-1930 /
264 1 _aبيروت :
_bكليه الإداب،
_c1933.
300 _a227ص0
650 1 7 _aالبلدان العربية
650 1 7 _aالببليوغرافيات
650 1 7 _aالشرق الاوسط
700 1 _aستيوارت، داد
_eمؤلف
942 _2ddc
_cREF
999 _c28008
_d28008